| 000 | 00802cam a22002773a 4500 | ||
|---|---|---|---|
| 001 | 27212 | ||
| 003 | PGUSA | ||
| 005 | 20140828083604.0 | ||
| 008 | 081109s2008||||xxu|||||s|||||000 1 eng d | ||
| 040 |
_aPGUSA _beng |
||
| 042 | _adc | ||
| 050 | 4 | _aPS | |
| 100 | 1 |
_aCobb, Irvin S. _q(Irvin Shrewsbury), _d1876-1944 |
|
| 245 | 1 | 4 |
_aThe Life of the Party _h[electronic resource] / _cIrvin S. Cobb |
| 260 |
_bProject Gutenberg, _c2008 |
||
| 506 | _aPublic domain in the USA. | ||
| 516 | _aElectronic text | ||
| 653 | _aCostume -- Fiction | ||
| 653 | _aLawyers -- Fiction | ||
| 653 | _aHumorous stories | ||
| 653 | _aNew York (N.Y.) -- Fiction | ||
| 700 | 1 |
_aPreston, James M., _d1873-1962 |
|
| 830 | 0 |
_aProject Gutenberg _v27212 |
|
| 856 | 4 | 0 | _uhttp://www.gutenberg.org/ebooks/27212 |
| 942 | _cEB | ||
| 999 |
_c256467 _d256467 |
||